000
00215nam a22000857a 4500
008
160706b xxu||||| |||| 00| 0 eng d
100
_9
2374
_a
Taylor, K.N
245
_a
Evolution
260
_a
Wheaton
_b
Tyndale House
_c
1969
999
_c
2050
_d
2050